000 00491ngm a2200229 a 4500
003 OSt
005 20251020182701.0
008 240217s9999 xx 000 0 und d
040 _aPE SENCICO BE
040 _cPE SENCICO BE
041 _aspa
082 _aL012
245 0 _aVentanas Listas S.A /
260 _cNo precisa
300 _a1 VIDEO
300 _bson., Col.
300 _c1:49:54
490 _aTECNOLOGIA
650 _aVENTANAS
910 _aila.
942 _cVID
_2ddc
999 _c4814
_d4814